|
|
|
|
| LEADER |
00000cam a2200000 7i4500 |
| 001 |
0000068478 |
| 005 |
20161130.0 |
| 008 |
161130 |
| 020 |
|
|
|a 9833555179
|
| 090 |
0 |
0 |
|a AD
|b ENG
|
| 100 |
1 |
|
|a Glen, George
|
| 245 |
1 |
0 |
|a Jason Jackson super surfer
|c George Glen
|
| 260 |
|
|
|a Selangor :
|b Express education sdn bhd ,
|c 2006
|
| 300 |
|
|
|a 46p. :
|b col.ill.
|
| 490 |
1 |
|
|a Reading matters
|
| 500 |
|
|
|a Children ages 7-9 years old (orange)
|
| 650 |
|
0 |
|a Children's stories, English
|
| 999 |
|
|
|a 0001145631
|b Book
|c Children Collection
|e Cawangan Bandar Penawar
|
| 999 |
|
|
|a 0001145632
|b Book
|c Children Collection
|e Cawangan Bukit Gambir
|
| 999 |
|
|
|a 0001145634
|b Book
|c Teenagers
|e Cawangan Bandar Tenggara
|
| 999 |
|
|
|a 0001145639
|b Book
|c Children Collection
|e Cawangan Taman Universiti
|